Florence + The Machine Albums - Statistics

General Stats
  • This quiz has been taken 17 times
  • The average score is 41 of 69
Answer Stats
Answer % Correct
Between Two Lungs
90%
Daffodil
80%
Dog Days Are Over
80%
Free
80%
Grace
80%
How Big, How Blue, How Beautiful
80%
How Big, How Blue, How Beautiful - Demo
80%
June
80%
Patricia
80%
Rabbit Heart (Raise It Up)
80%
Spectrum
80%
Spectrum (Say My Name) - Calvin Harris Remix
80%
The Bomb
80%
Big God
70%
Cassandra
70%
Choreomania
70%
Hunger
70%
King
70%
Morning Elvis
70%
Mother
70%
Seven Devils
70%
Ship To Wreck
70%
Third Eye
70%
What The Water Gave Me
70%
Which Witch
70%
100 Years
60%
Cosmic Love
60%
Delilah
60%
Dream Girl Evil
60%
Drumming Song
60%
Girl With One Eye
60%
Howl
60%
My Boy Builds Coffins
60%
My Love
60%
No Choir
60%
No Light, No Light
60%
Queen Of Peace
60%
Shake It Out
60%
Sky Full Of Song
60%
South London Forever
60%
St. Jude
60%
The End Of Love
60%
Various Storms & Saints
60%
What Kind Of Man
60%
Back In Town
50%
Blinding
50%
Breaking Down
50%
Caught
50%
Girls Against God
50%
Heaven Is Here
50%
Kiss With A Fist
50%
Lover To Lover
50%
Make Up Your Mind
50%
Never Let Me Go
50%
Only If For A Night
50%
Prayer Factory
50%
You've Got The Love
50%
All This And Heaven Too
40%
Falling
40%
Hurricane Drunk
40%
I'm Not Calling You A Liar
40%
Long & Lost
40%
Restraint
40%
Heartlines
30%
Hiding
30%
Leave My Body
30%
Breath Of Life
20%
Third Eye - Demo
20%
Take Care - Live
10%
No matching quizzes found
Score Distribution
Percent of People with Each Score
Percentile by Number Answered
Your Score History
You have not taken this quiz